Jane Eyre / (Record no. 2526)
[ view plain ]
| 000 -LEADER | |
|---|---|
| fixed length control field | 00406cam a2200169ua 4500 |
| 041 ## - LANGUAGE CODE | |
| Language code of text/sound track or separate title | eng |
| 082 ## - DEWEY DECIMAL CLASSIFICATION NUMBER | |
| Classification number | 823.308 |
| Item number | BRO/JA |
| 100 ## - MAIN ENTRY--AUTHOR NAME | |
| Personal name | Bronte, Charlotte . |
| 245 ## - TITLE STATEMENT | |
| Title | Jane Eyre / |
| 260 ## - PUBLICATION, DISTRIBUTION, ETC. (IMPRINT) | |
| Place of publication | London : |
| Name of publisher | Blackie & Son Ltd , |
| Year of publication | 1961. |
| 300 ## - PHYSICAL DESCRIPTION | |
| Number of Pages | 548 ; . |
| 942 ## - ADDED ENTRY ELEMENTS (KOHA) | |
| Koha item type | Books |
| Withdrawn status | Lost status | Damaged status | Home library | Current library | Date acquired | Full call number | Accession Number | Koha item type |
|---|---|---|---|---|---|---|---|---|
| Withdrawn | KAUAET | Malayalam University | 07/04/2012 | 823.308 | 11085 | Books | ||
| Withdrawn | KAUAET | Sanskrit University | 07/04/2012 | 823.308 | 5145 | Books | ||
| Withdrawn | KAUAET | Sanskrit University | 07/04/2012 | 823.308 | 5459 | Books |
